|
|
|
|
| LEADER |
01295nam a2200385 a 4500 |
| 001 |
nkc20091993941 |
| 003 |
CZ PrNK |
| 005 |
20091102112900.0 |
| 007 |
ta |
| 008 |
090917s2009 xr a b 000 j pol |
| 015 |
|
|
|a cnb001993941
|
| 020 |
|
|
|a 978-80-256-0289-8
|q (váz.)
|
| 035 |
|
|
|a (OCoLC)455852325
|
| 040 |
|
|
|a ABA001
|b cze
|
| 041 |
1 |
|
|a pol
|h ger
|
| 072 |
|
7 |
|a 821-93
|x Literatura pro děti a mládež (beletrie)
|2 Konspekt
|9 26
|
| 080 |
|
|
|a 821-93
|2 MRF
|
| 080 |
|
|
|a 821-32
|2 MRF
|
| 080 |
|
|
|a (0:82-32)
|2 MRF
|
| 100 |
1 |
|
|a Haderlein, Ute
|7 mzk2006367986
|4 aut
|
| 245 |
1 |
0 |
|a Moja pierwsza książka z dużymi literami o zwierzątkach /
|c autorka Ute Haderlein ; ilustracje Bob Bampton
|
| 260 |
|
|
|a Praha :
|b Svojtka & Co.,
|c c2009
|
| 300 |
|
|
|a 85 s. :
|b barev. il. ;
|c 28 cm
|
| 500 |
|
|
|a Přeloženo z němčiny
|
| 655 |
|
7 |
|a příběhy
|7 fd133204
|2 czenas
|
| 655 |
|
7 |
|a publikace pro děti
|7 fd133156
|2 czenas
|
| 655 |
|
9 |
|a stories
|2 eczenas
|
| 655 |
|
9 |
|a children's literature
|2 eczenas
|
| 700 |
1 |
|
|a Bampton, Bob
|7 jn20001103544
|4 ill
|
| 765 |
0 |
|
|t Schönsten Tiergeschichten
|9 Polsky
|
| 910 |
2 |
|
|a BOA001
|b M3-1229.247
|
| 990 |
|
|
|a BK
|
| 995 |
|
|
|a 01
|
| 991 |
|
|
|b 200909
|
| 996 |
6 |
|
|b 2610391326
|c M3-1229.247
|l MZK
|r Sklad / do 24 hodin
|n 0
|p p.v.
|w 000965496
|u 000010
|a 1
|e BOA001
|j MZK50
|s P
|